| 000 | 01223nam a2200349 a 4500 | ||
|---|---|---|---|
| 001 | |||
| 003 | DO-SdBNP | ||
| 005 | 20221005140026.0 | ||
| 008 | 090706s2013 dr ad 001 0 spa d | ||
| 020 | _a9789945165739 | ||
| 040 |
_aDO-SdBNP _bspa _cBPMSU |
||
| 082 |
_a321.8097293 _bL925r 2013 _222 |
||
| 100 | 1 | _aLozano, Wilfredo | |
| 245 | 0 | 4 |
_aLa razón democrática : _b cultura política, desarrollo y clientelismo en la democracia dominicana / _cWilfredo Lozano |
| 246 | 1 | 3 | _aLa razón democrática |
| 260 |
_aSanto Domingo : _bFLACSO, _c2013 |
||
| 300 |
_a717 p. ; _c24 cm. _b |
||
| 500 | _aIncluye referencias bibliográficas y notas al pie de las páginas | ||
| 504 | _aBibliografía : p.687-706 | ||
| 590 | _aInventariado, 2022/VM | ||
| 650 | 4 |
_aDemocracia _zRepública Dominicana |
|
| 650 | 4 |
_aAutoritarismo _zRepública Dominicana |
|
| 650 | 4 |
_aCultura política _zRepública Dominicana |
|
| 650 | 4 |
_aClientelismo _zRepública Dominicana |
|
| 651 | 4 |
_aRepública Dominicana _xPolítica y gobierno. _z |
|
| 651 | 4 | _a | |
| 700 | 1 |
_aLozano, Wilfredo _d1950- _eed. |
|
| 700 | 1 |
_aWooding, Bridget, _eed. |
|
| 710 | 2 | _aFLACSO (República Dominicana) | |
| 910 | _aVMateo V./Validado | ||
| 942 |
_2ddc _cBK |
||
| 999 |
_c14298 _d14298 |
||